| 000 | 00652nam a2200205 a 4500 | ||
|---|---|---|---|
| 999 |
_c650 _d650 |
||
| 003 | AR-BaISA | ||
| 005 | 20190909152524.0 | ||
| 007 | ta | ||
| 008 | 190909s2007 ag ad||| |||| 00| 0 spa d | ||
| 020 | _a9789875073258 | ||
| 040 | _cAR-BaISA | ||
| 082 | 0 | 4 |
_222 _a362.174 C586 |
| 245 | 0 | 0 |
_aHabilitación categorizante: _bestablecimientos con internación |
| 260 |
_aBuenos Aires: _bComisión Nacional Salud Investiga. Ministerio de Salud de la Nación, _c2007 |
||
| 300 |
_a191 p.: _bil., graf. |
||
| 650 | 1 | 4 |
_91567 _aHabilitación sanitaria |
| 650 | 1 | 4 |
_91568 _aInternación hospitalaria |
| 650 | 1 | 4 |
_9581 _aPlanificación estratégica |
| 942 |
_2ddc _cLI |
||